00741 a2200169 45000010006000000050017000060080041000230030015000640400040000790800030001192450030001490200018001792640075001973000019002725050259002911000021005505461820260407155820.0260407a1983 arg spa dAR-UNSa-BCEJYS aAR-UNSa-BCEJYSbspacAR-UNSa-BCEJYS a329.12xCorriente liberal10aEl liberalismo político a950-23-0050-5 1aBuenos Aires :bEUDEBA (Editorial Universitaria de Buenos Aires)c1983 a241 p.c52 cm. a1. Las fuentes – 2. Consistencia de la libertad – 3. La dinámica liberal – 4. El estado liberal y el liberalismo – 5. Lo político y lo social – 6. La democracia liberal – 7. Los movimientos de liberación – 8. El regreso a las fuentes.1 aBurdeau, Georges